000 01159nas a2200265 i 4500
001 228276
005 20260217101735.0
007 ta
008 890206e2002 dr a p|ro || |o001 ||spa|
040 _aDO-SdBNP
_bspa
_cBNPHU
_erda
041 _hspa
245 0 _aAnuario del béisbol invernal dominicano temporada 2001-02 /
_ceditor Héctor J. Cruz.
264 _aSanto Domingo, República Dominicana :
_bHéctor J. Díaz,
_c2002.
300 4 _avolumen :
_bilustraciones, fotografías, tablas ;
_c28 cm.
310 _aAnual
336 _atexto
_btxt
_2rdacontent
337 _asin mediación
_bn
_2rdamedia
338 _avolumen
_bnc
_2rdacarrier
362 _aAnuario 2001-2002.
500 _aCatalogación basada en: Anuario 2001-2002.
520 _aEste Anuario nace con la intención de quedarse. La liga como institución, tampoco ha patrocinado este tipo de trabajo como base para una buena información. Como resultado, cada campeonato comienza y termina con gran vacío de orientación y de información.
650 _91922
_aBéisbol
_zAnuario
_zRepública Dominicana
700 _aCruz, Héctor J
_945957
_eeditor
942 _2ddc
_cISSUE
999 _c60335
_d60335